MARC-Details
| 000 -Satzkennung |
| Kontrollfeld mit fester Länge |
01119nam a2200349 c 4500 |
| 001 - Kontrollnummer |
| Kontrollfeld |
BV012891705 |
| 003 - Kontrollnummer Identifier |
| Kontrollfeld |
DE-604 |
| 005 - Datum und Zeit der letzten Transaktion |
| Kontrollfeld |
20210707154858.0 |
| 007 - Feld mit fester Länge zur physischen Beschreibung - Allgemeine Information |
| Kontrollfeld mit fester Länge |
t |
| 008 - Feld mit fester Länge zur physischen Beschreibung - Allgemeine Angaben |
| Kontrollfeld mit fester Länge |
991202s1976 a||| |||| 00||| ger d |
| 020 ## - Internationale Standardbuchnummer |
| Internationale Standardbuchnummer |
3550073356 |
| Verknüpfung |
3-550-07335-6 |
| 035 ## - Systemkontrollnummer |
| System-Kontrollnummer |
(OCoLC)74300724 |
| 035 ## - Systemkontrollnummer |
| System-Kontrollnummer |
(DE-599)BVBBV012891705 |
| 040 ## - Katalogisierungsquelle |
| Original-Katalogisierungsstelle |
DE-604 |
| Katalogisierungssprache |
ger |
| Übertragungsstelle |
RU-10907106 |
| 041 0# - Sprachcode |
| Sprachcode des Textes/der Tonspur oder des separaten Titels |
ger |
| Sprachcode der Original- und/oder Zwischenübersetzung des Textes |
eng |
| 100 1# - Haupteintragung - Personenname |
| Personenname |
Winterbotham, Frederick W. |
| Datumsangaben in Verbindung mit einem Namen |
1897-1990 |
| Funktionsbezeichnung |
Verfasser |
| IDN des Normdatensatzes oder Standardnummer |
(DE-588)129103179 |
| Funktionsbezeichnungscode |
aut |
| 240 14 - Einheitstitel |
| Einheitstitel |
The Ultra Secret |
| 245 10 - Titel |
| Titel |
Aktion Ultra |
| 264 #1 - Produktion, Veröffentlichung, Distribution, Herstellung und Urheberrechtsvermerk |
| Herstellungs-, Veröffentlichungs- Vertriebs-, Erzeugungsort |
Frankfurt/M. u.a. |
| Produzent, Herausgeber, Distributor, Hersteller |
Ullstein |
| Datum der Herstellung, der Veröffentlichung, des Vertriebs oder des Urheberschutzvermerks |
1976 |
| 300 ## - Physische Beschreibung |
| Umfang |
226 Seiten |
| Andere physische Details |
Illustrationen |
| 336 ## - Inhaltstyp |
| Inhaltstypterm |
Text |
| Inhaltstypcode |
txt |
| Quelle |
rdacontent |
| 337 ## - Medientyp |
| Bezeichnung des Medientyps |
ohne Hilfsmittel zu benutzen |
| Medientypcode |
n |
| Quelle |
rdamedia |
| 338 ## - Datenträgertyp |
| Datenträgertypbezeichnung |
Band |
| Datenträgertypcode |
nc |
| Quelle |
rdacarrier |
| 648 #7 - Nebeneintragung unter einem Schlagwort - Zeitschlagwort |
| Zeitschlagwort |
Geschichte |
| Quelle der Ansetzung oder des Terms |
swd |
| 648 #7 - Nebeneintragung unter einem Schlagwort - Zeitschlagwort |
| Zeitschlagwort |
Geschichte |
| Quelle der Ansetzung oder des Terms |
gnd |
| Koha-Normdatenidentnummer |
rswk-swf |
| 650 #7 - Nebeneintragung unter einem Schlagwort - Sachschlagwort |
| Sachschlagwort oder geografischer Name als Eintragungselement |
Abwehr (Geheimdienst) |
| Quelle der Ansetzung oder des Terms |
DDB |
| 650 #7 - Nebeneintragung unter einem Schlagwort - Sachschlagwort |
| Sachschlagwort oder geografischer Name als Eintragungselement |
Geheimdienst |
| Quelle der Ansetzung oder des Terms |
DDB |
| 650 #7 - Nebeneintragung unter einem Schlagwort - Sachschlagwort |
| Sachschlagwort oder geografischer Name als Eintragungselement |
Nachrichtendienst (Militärwesen) |
| Quelle der Ansetzung oder des Terms |
DDB |
| 650 07 - Nebeneintragung unter einem Schlagwort - Sachschlagwort |
| Sachschlagwort oder geografischer Name als Eintragungselement |
Weltkrieg |
| Sonstige Informationen |
1939-1945 |
| IDN des Normdatensatzes oder Standardnummer |
(DE-588)4079167-1 |
| Quelle der Ansetzung oder des Terms |
gnd |
| Koha-Normdatenidentnummer |
rswk-swf |
| 650 07 - Nebeneintragung unter einem Schlagwort - Sachschlagwort |
| Sachschlagwort oder geografischer Name als Eintragungselement |
Unterseeboot |
| IDN des Normdatensatzes oder Standardnummer |
(DE-588)4078646-8 |
| Quelle der Ansetzung oder des Terms |
gnd |
| Koha-Normdatenidentnummer |
rswk-swf |
| 942 ## - Zusätzliche Felder (Koha) |
| Klassifikation oder Aufstellungssystematik |
Andere/Generische Klassifikation |
| Koha-Medientyp |
Monographien |